000 01103nac a22004330a 4500
001 PT54348
003 AR-LpoUNG
005 20210201005529.0
008 201001s1995||||sp |||||||||||||||||spa d
020 _a8475839924
_c$28
040 _aAR-LpoUNG
_bspa
_eaacr
041 _aspa
044 _asp
082 0 _aR909 794vik-v1
100 1 _aGraham-Campbell, James
245 1 4 _aLos vikingos :
_borígenes de la cultura escandinava
260 _aBarcelona :
_bFolio,
_c1995.
300 _a120 p. :
_bil., mapas, gráfs., fot.
_3Impreso
490 0 _aAtlas culturales del mundo
650 4 _aANALISIS HISTORICO
650 4 _aARTE
650 4 _aASPECTOS GEOGRAFICOS
650 4 _aATLAS
650 4 _aCIENTIFICOS
650 4 _aCIVILIZACION
650 4 _aCULTURA
650 4 _aDINAMARCA
650 4 _aESCANDINAVIA
650 4 _aFACTORES CULTURALES
650 4 _aFILOSOFIA
650 4 _aGEOGRAFIA FISICA
650 4 _aHISTORIA
650 4 _aMATERIAL DE REFERENCIA
650 4 _aRELIGION
650 4 _aSOCIEDAD
651 4 _aMundial
905 _a54348
942 _cLSALA
999 _c50084
_d50084